| 000 | 00361nam a22001337a 4500 | ||
|---|---|---|---|
| 020 | _a9789698109097 | ||
| 040 | _cceme | ||
| 082 |
_a891.4391 _bPAR |
||
| 100 |
_aParveen Shakir _913853 |
||
| 245 |
_aMah-E-Tamaam; _bKhushboo, Sad-e-Berg, Khud Kalami, Inkar |
||
| 260 |
_aLahore _bJahangir Book Depot _c2020 |
||
| 650 | _2Urdu Literature-Poetry | ||
| 942 |
_2ddc _cBK |
||
| 999 |
_c585727 _d585727 |
||